Town and country or city and region (Record no. 409455)

000 -LEADER
fixed length control field 00398cam a22001457a 4500
008 - FIXED-LENGTH DATA ELEMENTS--GENERAL INFORMATION
fixed length control field 180718b1971 xxu||||| |||| 00| 0 eng d
020 ## - INTERNATIONAL STANDARD BOOK NUMBER
International Standard Book Number 0 522 84012 4
082 ## - DEWEY DECIMAL CLASSIFICATION NUMBER
Classification number J7 B884
100 ## - MAIN ENTRY--PERSONAL NAME
Personal name Bunker, Raymond
245 ## - TITLE STATEMENT
Title Town and country or city and region
Statement of responsibility, etc. by Raymond Bunker
260 ## - PUBLICATION, DISTRIBUTION, ETC.
Place of publication, distribution, etc. Victoria
Name of publisher, distributor, etc. Melbourne
Date of publication, distribution, etc. 1971
300 ## - PHYSICAL DESCRIPTION
Extent ix, 164p
650 ## - SUBJECT ADDED ENTRY--TOPICAL TERM
Topical term or geographic name entry element Regional planning.
650 ## - SUBJECT ADDED ENTRY--TOPICAL TERM
Topical term or geographic name entry element City planning
Holdings
Withdrawn status Lost status Damaged status Not for loan Permanent Location Current Location Date acquired Full call number Barcode Date last seen Price effective from Koha item type
        Indian Institute of Public Administration Indian Institute of Public Administration 2009-01-05 J7 B884 DA4323 2018-07-21 2018-07-21 DA

Powered by Koha